Encyclopedia of Question and Answers (Record no. 11187)

MARC details
000 -LEADER
fixed length control field 00279nam a22000977a 4500
008 - FIXED-LENGTH DATA ELEMENTS--GENERAL INFORMATION
fixed length control field 181008b ||||| |||| 00| 0 eng d
020 ## - INTERNATIONAL STANDARD BOOK NUMBER
International Standard Book Number 9789386341150
100 ## - MAIN ENTRY--PERSONAL NAME
Personal name Goldenmind`s
9 (RLIN) 6944
245 ## - TITLE STATEMENT
Title Encyclopedia of Question and Answers
260 ## - PUBLICATION, DISTRIBUTION, ETC. (IMPRINT)
Place of publication, distribution, etc. Mumbai
Name of publisher, distributor, etc. Goldmind`s Publication
Date of publication, distribution, etc. 2017
Holdings
Withdrawn status Lost status Source of classification or shelving scheme Damaged status Koha normalized classification for sorting Not for loan Home library Current library Shelving location Date acquired Total Checkouts Full call number Barcode Date last seen Price effective from Koha item type
    Dewey Decimal Classification   GOL_030_000000000000000   Good Samaritan School Library Good Samaritan School Library Encyclopaedia 10/08/2018   GOL030 GOL15170 10/08/2018 10/08/2018 BOOK

Powered by Koha